| 000 | 00701nam a2200229 u 4500 | ||
|---|---|---|---|
| 005 | 20220608064820.0 | ||
| 008 | 130819s2009 r 000 0 eng d | ||
| 020 | _a9789501215236 | ||
| 035 | _aUPN01000192334 | ||
| 049 | _aCG | ||
| 050 | 4 |
_aLB1573 _bL4.3 |
|
| 100 | 1 |
_aLerner, Delia _934531 |
|
| 245 | 1 | 0 |
_aFormación docente en lectura y escritura : _brecorridos didácticos / _cDelia Lerner, Paula Stella, Mirta Torres. |
| 260 |
_aBuenos Aires : _bPaidós, _c2009. |
||
| 300 | _a240 p. | ||
| 440 | 0 | _aVoces de la educación | |
| 650 | 4 |
_aEnseñanza de la lectoescritura _91522 |
|
| 700 | 1 |
_aStella, Paula, _ecoaut. |
|
| 700 | 1 |
_aTorres, Mirta, _ecoaut. |
|
| 905 | _aLibro | ||
| 999 |
_c164437 _d164437 |
||